000 01698nam0a22003131 4500
001 RU\NLR\A1\2309
005 20260409064402.0
035 _a(NLR Aleph) 009672327
090 _a9667395
_c9667395
100 _a19970211d1765 m y0rusy50 ca
101 0 _arus
102 _aRU
140 _ay y kb yaa0000
200 1 _aВоинский календарь на 1765 год
_eС приложением генералитетских и штабских списков
205 _a2-м тиснением
210 _aВ Санктпетербурге
_cПри Государственной военной коллегии
_d[1765]
215 _a[16], 17-80, 65-72 с.
_d
316 _aЭкз. РНБ (18.78.6.35) имеет паг.: 72 с. В составном картонном пер., обтянутом бумагой, с ледериновыми корешком и уголками, с сохранением старой обл. На нижней крышке пер. наклейка с шифром РНБ. На 1-й с. обл. ярлык с шифром РНБ. После с.72 вклеен лист с рукопис. текстом на обоих сторонах. На тит. л., с.33 и на вклеен. л. круглый штамп ГПБ.
_5NLR: 18.78.6.35
321 1 _aСК XVIII 1049
620 _dСанкт-Петербург
712 0 1 _4610
_aРоссия
_bВоенная коллегия
_bТипография
_cПетербург
_3RU\NLR\AUTH\880425701
_9515949
801 0 _aRU
_bNLR
_c19970211
852 _aNLR
_j18.78.6.35
899 _aРГБ
899 _aБАН
942 _cBOOK
980 _aNB
980 _aA1XVIIIv